UX design for mobile application

Saved in:
Bibliographic Details
Main Author: Mištec, Maksim (Author)
Other Authors: Čavojský, Maroš (Thesis advisor)
Format: Manuscript Book
Language:Slovak
English
Published: Bratislava : STU v Bratislave FEI, 2021
Subjects:
Online Access:https://opac.crzp.sk/?fn=detailBiblioForm&sid=983A108C82E0ACEA915E7A6AE8A0&seo=CRZP-detail-kniha
Tags: Add Tag
No Tags, Be the first to tag this record!

MARC

LEADER 00000ntm a22000003a 4500
001 stuzp83360
003 SK-STU
005 20220202112232.6
007 ta
008 150427s2015----xo-----f-mn---000-0-slo-d
040 |a STU  |b slo 
041 0 |a eng 
044 |a xo 
100 1 |a Mištec, Maksim  |u 035000  |4 aut  |U FEI Fakulta elektrotechniky a informatiky  |T FEI Ústav informatiky a matematiky  |X 98871  |U E050  |Y 816  |7 98871 
242 0 1 |a UX dizajn pre android aplikáciu na zdieľanie videa  |y slo 
245 1 0 |a UX design for mobile application 
260 |a Bratislava :  |b STU v Bratislave FEI,  |c 2021 
300 |a 48 s., príl. 
650 4 |a užívateľská skúsenosť  |2 slo 
650 4 |a ux výskum  |2 slo 
650 4 |a ux dizajn  |2 slo 
650 4 |a ux design  |2 eng 
650 4 |a user experience  |2 eng 
650 4 |a ux research  |2 eng 
700 1 |a Čavojský, Maroš  |u 035000  |k Z1  |4 ths  |U FEI Fakulta elektrotechniky a informatiky  |T FEI Ústav informatiky a matematiky  |X 64790  |U E050  |Y 816  |7 A000064790 
856 4 |u https://opac.crzp.sk/?fn=detailBiblioForm&sid=983A108C82E0ACEA915E7A6AE8A0&seo=CRZP-detail-kniha